Jeux Mario 3D - Statistiques

Statistiques générales
  • Ce quiz a été pris 157 fois
  • Le résultat moyen est 5 sur 6
Statistiques - réponses
Année de sortie Titre % Correct
1996 Super Mario 64
97%
2007 Super Mario Galaxy
94%
2002 Super Mario Sunshine
93%
2010 Super Mario Galaxy 2
90%
2017 Super Mario Odyssey
89%
2013 Super Mario 3D world
85%
Aucun quiz correspondant
Distribution des résultats
% des personnes avec chaque résultat
Percentile par nombre de réponses
Votre historique - résultats
Vous n’avez pas pris ce quiz